Регионална библиотека "Любен Каравелов" - Русе

Апология на сетивността (Запис номер 510713)

MARC детайли
000 -Лидер
Контролно поле с фиксирана дължина 00752nam a2200217 a 4500
003 - Код на организацията, давaща контролен номер
Контролно поле BLK
005 - Дата и час на последна редакция
Контролно поле 20240520162526.0
008 - Елементи от данни с фиксирана дължина
fixed length control field 190128b bu ||||| |||| 00| 0 bu d
020 ## - Международен стандартен номер на книга ISBN
Международен стандартен номер на книга ISBN 9786197707328
040 ## - Източник на каталожния запис
Идентификатор на билиотеката - собственик на записа BLK
041 ## - Код за език
Код за езика на текст/звукозапис или на отделно заглавие Български
Код за езика КДБФ Български
080 ## - УДК
Текстов определител УДК Българска литература
УДК код - определител по УДК 821.163.2
УДК определител -1
УДК - код + определител 821.163.2-1
100 1# - Редна дума - Автор
Автор Христов, Калоян Викторов
Авторска отговорност първи автор
R(LIN) 1299
139 ## - Редно поле
Редна дума Христов, Калоян Викторов
Авторски знак Христов - Х 78
245 ## - Сведения за заглавието
Заглавие Апология на сетивността
Редно поле (дума) Калоян Христов
260 ## - Област на издателските данни
9 (RLIN) 214201
Място на издаване, разпространение и проч. Бургас
Име на издателя, разпространителя и проч. Знаци
Година на издаване 2024
Издателство - префикс ISBN 978-954-9850- ; 954-91930-
300 ## - Физическа характеристика
Страници 79 с.
Размери/Мащаб 20 см
380 ## - Жанр
Жанр Худож. лит.
852 ## - Местоположение
Форматна сигнатура Цб 322655
942 ## - АРТИКУЛИ
Вид на библиотечния материал Книги
Скрит в OPAC Не
Периодичен библиозапис Да
999 ## - СИСТЕМНИ КОНТРОЛНИ НОМЕРА
Koha biblionumber 510713
Koha biblioitemnumber 510713
944 ## - СЪЗДАВАНЕ И РЕДАКЦИЯ на ЗАПИСА
Създаване/Редакция
Дата на регистрацията/редакция Нора Радева
Служител, извършил регистрацията/редакцията 30545
Статус, дата на статуса Нора Радева
Наличности
Код за отписване Код за изгубен артикул Източник на класификационната схема Код за повреда Коз за рестрикции Код за отдаване Артикулен № Име на библиотеката - собственик Име на библиотеката, в която се намира в момента Статус (Текущо местоположение) Дата на вписване в системата Местоположение - отдел Цена в лева Инвентарен номер Систематично азбучна сигнатура Баркод Цена в евро Служебен тип на артикула Номерация (Хронология)
  Не е изгубен Universal Decimal Classification Не е повреден само за читалня ползва се в читалня 943014 Регионална библиотека "Любен Каравелов" Русе Регионална библиотека "Любен Каравелов" Русе Хранилище 2024-05-29 Хранилище 15.00 120000908124 Цб 322655 120000908124 7.67 Книги  
  Не е изгубен Universal Decimal Classification Не е повреден само за читалня ползва се в читалня 946021 Регионална библиотека "Любен Каравелов" Русе Регионална библиотека "Любен Каравелов" Русе Хранилище 2024-07-16 Основен фонд - ползва се само за читалня 15.00 120000911133 Цб 323916 120000911133 7.67 Книги Автограф: Калоян Христов
Vip Innovations Ltd, Rousse, Bulgaria 2025